|
|
|
|
| LEADER |
01442nam a2200265 a 4500 |
| 001 |
0020110 |
| 003 |
BD-DhAAL |
| 008 |
100420r2008 ii b 000 0 eng d |
| 010 |
|
|
|a \\\78902775
|
| 040 |
|
|
|a DLC
|c DLC
|d DLC
|d BD-DhAAL
|
| 082 |
0 |
0 |
|a 341
|2 22
|
| 100 |
1 |
|
|a Tandon, Mahesh Prasad.
|9 59005
|
| 245 |
1 |
0 |
|a Public international law /
|c Mahesh Prasad Tandon, Rajesh Tandon.
|
| 260 |
|
|
|a Allahabad :
|b Allahabad Law Agency,
|c 2008 [reprinted].
|
| 300 |
|
|
|a xl, 658 p. ;
|c 24 cm
|
| 504 |
|
|
|a Includes bibliographical references.
|
| 526 |
|
|
|a SOL
|x K. Shamsuddin Mahmood
Professor and Dean
School of Law
BRAC University
|
| 541 |
1 |
|
|e 0020110
|a Anupam Gyan Bhandar
|
| 650 |
|
0 |
|a International law.
|
| 700 |
1 |
|
|a Tandon, Rajesh,
|e joint author.
|9 2694
|
| 852 |
4 |
|
|a Ayesha Abed Library
|c General Stacks
|
| 942 |
|
|
|2 ddc
|c BK
|
| 999 |
|
|
|c 8166
|d 8166
|
| 952 |
|
|
|0 0
|1 4
|2 ddc
|4 0
|6 341_000000000000000_TAN
|7 0
|9 9319
|a BRACUL
|b BRACUL
|d 2010-04-20
|e Anupam Gyan Bhandar
|g 570.00
|l 11
|m 112
|o 341 TAN
|p 3010020110
|r 2018-05-16
|s 2018-01-28
|t 1
|v 1140.00
|w 2010-04-20
|y BK
|x Koha Inventory 2020 ; Requisitioned by K. Shamsuddin Mahmood, Professor and Dean, School of Law, BRAC University
|
| 952 |
|
|
|0 0
|1 0
|2 ddc
|4 0
|6 341_TAN_200800000000000
|7 0
|9 9378
|a BRACUL
|b BRACUL
|c GEN
|d 2010-04-22
|e Anupam Gyan Bhandar
|g 570.00
|l 14
|m 132
|o 341 TAN
|p 3010020111
|r 2024-03-19
|s 2024-01-25
|t 2
|v 1140.00
|w 2010-04-22
|y BK
|x Requisitioned by K. Shamsuddin Mahmood, Professor and Dean, School of Law, BRAC University
|